000 00932nam a2200229Ia 4500
003 OSt
005 20220923212105.0
006 a|||||r|||| 00| 0
007 ta
008 220922b |||||||| |||| 00| 0 hin d
024 _a150,661
037 _cTextual
040 _aARTS
_cARTS
_bhin
041 _2hin
_ahin
082 _aJ.2k, 152K3
100 _aराधवन, डी0, संपा.
_9162090
245 0 _aभारतीय कृषि ज्ञान कोष* देश के चोटी के कृषि विशेषज्ञो द्वारा लिखित, प्रबोध पाठक आदि अनु
246 _aBhāratīya kṛuṣhi jnyān koṣha: desh ke choṭī ke kṛuṣhi visheṣhajnyo dvārā likhita, prabodh pāṭhak ādi anu0
260 _c1963
942 _hJ.2k, 152K3
_cTEXL
_2CC
999 _c306341
_d306341